[Event "Miquel Mas op 19th"]
[Site "Castell de Sant Ferran"]
[Date "2018.08.10"]
[Round "2"]
[White "Villa Carrillo, Julio"]
[Black "Sabria Mestre, Jordi"]
[Result "1/2-1/2"]
[WhiteElo "1482"]
[BlackElo "1388"]
[PlyCount "74"]
[EventDate "2018.08.09"]
[EventType "swiss"]
[EventRounds "9"]
[EventCountry "ESP"]
[SourceTitle "CBM 186 Extra"]
[Source "ChessBase"]
[SourceDate "2018.08.24"]
[SourceVersion "1"]
[SourceVersionDate "2018.08.24"]
[SourceQuality "1"]

1. d4 d5 2. Nf3 e6 3. e3 Bd6 4. c4 c6 5. c5 Bc7 6. Bd3 Nf6 7. Nc3 Nbd7 8. 0-0 0-0 9. Qc2 g6 10. e4 dxe4 11. Bxe4 Kg7 12. Bg5 Qe8 13. Qd2 Ng8 14. Be3 Ndf6 15. Bc2 b6 16. b4 Bb7 17. Bf4 Qb8 18. Bxc7 Qxc7 19. Ne5 Rad8 20. Qe3 Ne7 21. a3 Ned5 22. Nxd5 cxd5 23. Rab1 b5 24. Bd3 a6 25. Rfe1 Rde8 26. f4 Nd7 27. Nxd7 Qxd7 28. Qh3 f5 29. Re5 Bc6 30. Rbe1 Qf7 31. Qg3 Bd7 32. h4 h5 33. Qg5 Qf6 34. Qxf6+ Rxf6 35. Ra1 Ra8 36. Ree1 Rff8 37. Rac1 Rfc8 1/2-1/2

[Event "Girona-ch"]
[Site "Girona"]
[Date "2012.02.24"]
[Round "7"]
[White "Pereira Garcia, Josep Ramon"]
[Black "Sabria Mestre, Jordi"]
[Result "1-0"]
[WhiteElo "1643"]
[BlackElo "1388"]
[PlyCount "91"]
[EventDate "2012.01.13"]
[EventType "swiss"]
[EventRounds "9"]
[EventCountry "ESP"]
[SourceTitle "EXT 2013"]
[Source "ChessBase"]
[SourceDate "2012.11.22"]
[SourceVersion "1"]
[SourceVersionDate "2012.11.22"]
[SourceQuality "1"]

1. d4 d5 2. Nf3 Bf5 3. c4 e6 4. Nc3 c5 5. e3 Nc6 6. Qb3 b6 7. cxd5 exd5 8. Bb5 Rc8 9. Nxd5 Bd6 10. dxc5 bxc5 11. Bd2 Nge7 12. Nxe7 Qxe7 13. Rd1 Be4 14. Bc3 0-0 15. Nd2 Rb8 16. Qa4 Rfc8 17. Nxe4 Be5 18. Bxc6 Bxc3+ 19. Nxc3 Rxb2 20. Qe4 Qf6 21. Ne2 Rd8 22. Bd5 Qa6 23. 0-0 Qf6 24. Nf4 Kf8 25. Qc4 Rd7 26. Qxc5+ Kg8 27. Rd4 h6 28. Ra4 a6 29. Nd3 Rb5 30. Qc6 Rbxd5 31. Qxf6 gxf6 32. Nb4 R7d6 33. Rxa6 Re6 34. Rxe6 fxe6 35. h3 Rd2 36. Rc1 Rb2 37. a3 Rb3 38. Ra1 Kf7 39. Kf1 Rb2 40. Ra2 Rb3 41. Ke2 Rc3 42. Kd2 Rc5 43. a4 Rg5 44. g3 Ra5 45. Kc3 Ke7 46. Nc6+ 1-0